00944njm a22002537a 450000500170000000600190001700700150003600800410005102800230009203500130011504000130012810000430014124501060018424600370029026000320032730000890035950000170044850000410046550501040050660000100061065000410062094200120066199900170067320100922114049.0a|||||r|||||00| 0 sd ammalaaahaa100922t xxu||||| |||| 00| 0 pun d aS/MOCE,2018bOdeon aGR-09178 aSEDcSED aਨਰੇੰਦਰ ਬੀਬਾ921104 a ਸਾਕਾ ਸਰਹੰਦ../cਨਰੇੰਦਰ ਬੀਬਾ...[et.al]hMedium [Sound recording] akudi diya janjara (Prakash kaur) aDum Dum, IndiabOdeoncn.d. a1 Sound disc [Gramophon Recording]banalog,33 1/3 rpmc12 in. (LP)fGramophon Record aBrief record aRecord labels :His Master Voice, Red aSide-2 ਪਾਠ ਸੁਖਮਨੀ ਸਾਹਿਬ (Path Sukhmani Sahib) (Tarlochan Singh Ragi)  921105 aPunjabi SongxExcerptszIndia921106 2ddccGR c47869d47869